Größte Städte Deutschlands mit 4 Buchstaben - Statistiken

Allgemein
  • Dieses Quiz wurde 128 mal gespielt
    113 seit der letzten Aktualisierung
  • Das Durchschnittsergebnis liegt bei 7 aus 20
Antwortstatistiken
Einwohner Stadt BL % Korrekt
1.024.621 Köln NW
100%
323.336 Bonn NW
91%
252.668 Kiel SH
90%
109.725 Jena TH
84%
95.608 Gera TH
82%
179.968 Hamm NW
73%
58.333 Unna NW
39%
86.766 Marl NW
26%
34.685 Suhl TH
25%
25.762 Verl NW
23%
39.584 Kehl BW
18%
50.775 Lahr BW
16%
29.600 Werl NW
10%
32.236 Weil BW
8%
34.907 Goch NW
7%
30.086 Haan NW
7%
28.608 Bühl BW
5%
35.054 Lage NW
4%
26.106 Lauf BY
2%
25.969 Selm NW
2%
Keine übereinstimmenden Quizze gefunden
Verteilung der Resultate
Anzahl Personen mit jedem Resultat
Perzentil nach korrekt beantworteten Fragen
Ihre Resultats-Entwicklung
Sie haben dieses Quiz seit der letzten Aktualisierung nicht gespielt